000 01169nam a2200253 a 4500
001 56871
003 BD-RjUL
005 20211209080438.0
008 161204s1959 pk ||||| |||| 00| 0 ben d
020 _c: PRs. 17.50 (V-1, V-2, V-5)
035 _a(BD-RjUL)56995
040 _aBD-RjUL
_bben
_cBD-RjUL
041 _aben
082 _223
_a297.12259144
_bKHS 1959
100 1 _aখাঁ, মোহাম্মদ আকরম
_9118401
245 1 0 _aসরল বাংলা অনুবাদ ও বিস্তারিত তাফছীরসহ কোরআন শরীফ /
_cমোহাম্মদ আকরম খাঁ
250 _a১ম সং
260 _aঢাকা :
_bমোহাম্মদ বাদরুল আনাম খাঁ,
_c১৯৫৯ ( রামাজান, জিলহজ্জ্ব ১৩৭৮ )
300 _a খণ্ড. ;
_c২৬ সেমি.
505 0 _aখণ্ড ১ -- খণ্ড ২ -- খণ্ড ৫ --
650 _aকোরান
_9169072
_xবাংলা অনুবাদ ও ব্যাখা
650 _aQuran
_xBengali Translation and Interpretation
_9169214
942 _2ddc
_cBK
999 _c56871
_d56871